Mejorando la competitividad de las microempresas en la Región Brunca de Costa Rica = Improvising the competitiveness of microenterprises in the Brunca Region of Costa Rica /
Guardado en:
| Autor principal: | |
|---|---|
| Otros Autores: | , , |
| Formato: | Texto |
| Etiquetas: |
Agregar Etiqueta
Sin Etiquetas, Sea el primero en etiquetar este registro!
|
MARC
| LEADER | 00000 a a2200000 04500 | ||
|---|---|---|---|
| 001 | 47117 | ||
| 003 | |||
| 040 | |||
| 090 | |a REV0862 139(I)2013 | ||
| 100 | |a Chaves Núñez, Manuel | ||
| 245 | |a Mejorando la competitividad de las microempresas en la Región Brunca de Costa Rica = |b Improvising the competitiveness of microenterprises in the Brunca Region of Costa Rica / |c Manuel Chaves Núñez ; Andrey Valenciano Salazar ; Grethel Vega Arce ; Gabriela Ortiz Valverde | ||
| 700 | |a Valenciano Salazar, Andrey | ||
| 700 | |a Vega Arce, Grethel | ||
| 700 | |a Ortiz Valverde, Gabriela | ||
| 773 | |g número139, (2013), páginas 137-149 | ||
| 999 | |c 37966 |d 37966 | ||
| 773 | 0 | |0 18728 |9 3011 |a Universidad de Costa Rica |d San José, Costa Rica Editorial UCR 1956- |o 16172 |t Revista de Ciencias Sociales/ |x 04825276 | |
